000 00368 a2200145 4500
005 20250416112506.0
020 _a0-53801331-1
082 _a657.3 FES
100 _aFESS, P. E.
245 _aFinancial Accounting.
260 _aLondon,
_bSouth-western publishing co,
_c1982.
300 _a645p.: Ill.;figures
_bIndex
_c24cm.
700 _aWAREE, C. S.
942 _2ddc
_cBKS
999 _c1512
_d1512